000 00309nam a2200133Ia 4500
008 240624s9999 xx 000 0 und d
041 _aeng
082 _a891.46 BUT
100 _aBUTE SHANTARAM
245 _aRASHTRAPRATIBHA
260 _c2008
_aAkola
_bSunanda Prakashan
300 _a91p.
365 _cRS
_b20
999 _c11516
_d11516